000 00629nam a2200181Ia 4500
008 090630s9999 xx 000 0 und d
082 _b9969
100 _aमाडगुळकर ग. दि.
245 _aबोलका शंख.
_cमाडगुळकर ग. दि.
260 _bकुळकर्णी ग्रंथाकार - पुणे.
_c1979
300 _a160
600 _aमाडगुळकर ग. दि.
630 _aबोलका शंख.
655 _aलघुकथा.
700 _aमाडगुळकर ग. दि.
730 _aबोलका शंख.
942 _cBOOK
999 _c261825
_d261825